Giáo trình cơ sở CAD/CAM trong thiết kế và chế tạo

Wedi'i Gadw mewn:
Manylion Llyfryddiaeth
Prif Awdur: Lưu, Quang Huy
Fformat: Llyfr
Iaith:Undetermined
Cyhoeddwyd: Hà Nội Nhà xuất bản Hà Nội 2005
Pynciau:
Tagiau: Ychwanegu Tag
Dim Tagiau, Byddwch y cyntaf i dagio'r cofnod hwn!
Thư viện lưu trữ: Trung tâm Học liệu Trường Đại học Cần Thơ
LEADER 00579nam a2200193Ia 4500
001 CTU_95282
008 210402s9999 xx 000 0 und d
020 |c 21000 
082 |a 620.00420285 
082 |b H523 
100 |a Lưu, Quang Huy 
245 0 |a Giáo trình cơ sở CAD/CAM trong thiết kế và chế tạo 
245 0 |c Lưu Quang Huy 
260 |a Hà Nội 
260 |b Nhà xuất bản Hà Nội 
260 |c 2005 
650 |a Cad/Cam (Computer programs) 
904 |i Minh 
980 |a Trung tâm Học liệu Trường Đại học Cần Thơ